[Event "Mumbai Mayors Cup 9th"]
[Site "Mumbai"]
[Date "2016.06.03"]
[Round "2"]
[White "Vinoth Kumar, Madavan"]
[Black "Grigoryan, Karen H"]
[Result "0-1"]
[WhiteElo "2154"]
[BlackElo "2604"]
[PlyCount "55"]
[EventDate "2016.06.02"]
[EventType "swiss"]
[EventRounds "10"]
[EventCountry "IND"]
[SourceTitle "CBM 173 Extra"]
[Source "ChessBase"]
[SourceDate "2016.08.29"]
[SourceVersion "1"]
[SourceVersionDate "2016.08.29"]
[SourceQuality "1"]

1. g3 d5 2. Bg2 e5 3. d3 Bc5 4. e3 Nc6 5. Nh3 h5 6. f3 Nh6 7. c3 Be6 8. b4 Be7 9. d4 Qd7 10. Nf2 f5 11. f4 exd4 12. exd4 h4 13. Nd3 Ng4 14. Qe2 hxg3 15. b5 Na5 16. h3 Nf2 17. Ne5 Qc8 18. Ng6 Rh6 19. Nxe7 Kxe7 20. Rf1 Nc4 21. Bxd5 Nb6 22. Bg2 Kf8 23. Rxf2 Bc4 24. Qf3 Re6+ 25. Kd1 gxf2 26. Qxf2 Qe8 27. Na3 Bxb5 28. Bd2 0-1

[Event "Chennai op 5th"]
[Site "Chennai"]
[Date "2013.01.18"]
[Round "5"]
[White "Vinoth Kumar, Madavan"]
[Black "Nitin, Senthilvel"]
[Result "0-1"]
[WhiteElo "2185"]
[BlackElo "2367"]
[PlyCount "100"]
[EventDate "2013.01.16"]
[EventType "swiss"]
[EventRounds "11"]
[EventCountry "IND"]
[SourceTitle "CBM 152 Extra"]
[Source "ChessBase"]
[SourceDate "2013.02.25"]
[SourceVersion "1"]
[SourceVersionDate "2013.02.25"]
[SourceQuality "1"]

1. g3 e5 2. Bg2 d5 3. d3 Nf6 4. e3 Nc6 5. a3 Bf5 6. b4 a5 7. b5 Ne7 8. Bb2 Ng6 9. Nd2 Qd7 10. Rb1 a4 11. h3 h5 12. Ne2 Ra5 13. e4 dxe4 14. dxe4 Be6 15. c4 h4 16. g4 Bc5 17. f4 exf4 18. e5 Nh7 19. Bxb7 0-0 20. Ne4 Qxd1+ 21. Rxd1 Be3 22. Bc3 Ra7 23. Bd5 Bxd5 24. Rxd5 Re8 25. Ng1 f5 26. gxf5 Ne7 27. Rd7 Nxf5 28. Nf3 Nf8 29. Rd5 Ne6 30. Rh2 Ng3 31. Neg5 Nxg5 32. Nxg5 c6 33. bxc6 Rc7 34. Rd6 f3 35. Nxf3 Rf7 36. Kd1 Rxf3 37. Ba5 Rf1+ 38. Kc2 Rc1+ 39. Kb2 Rxc4 40. Rc2 Rb8+ 41. Bb4 Bd4+ 42. Rxd4 Rxd4 43. Kc3 Rdd8 44. Ba5 Rd5 45. c7 Rc8 46. Kb4 Nf5 47. Kxa4 Ne7 48. Bb4 Rxe5 49. Rc4 Nd5 50. Rc5 Rxc7 0-1

[Event "Mumbai Mayors Cup 5th"]
[Site "Mumbai"]
[Date "2012.06.10"]
[Round "6"]
[White "Himanshu, Sharma"]
[Black "Vinoth Kumar, Madavan"]
[Result "1-0"]
[WhiteElo "2424"]
[BlackElo "2140"]
[PlyCount "109"]
[EventDate "2012.06.07"]
[EventType "swiss"]
[EventRounds "11"]
[EventCountry "IND"]
[SourceTitle "CBM 148 Extra"]
[Source "ChessBase"]
[SourceDate "2012.06.22"]
[SourceVersion "1"]
[SourceVersionDate "2012.06.22"]
[SourceQuality "1"]

1. e4 g6 2. d4 Bg7 3. Nc3 a6 4. a4 d6 5. Nge2 Nd7 6. g3 e5 7. Bg2 h5 8. h3 h4 9. g4 g5 10. Be3 f6 11. Qd2 Ne7 12. a5 0-0 13. 0-0 Ng6 14. d5 Rf7 15. Na4 Bf8 16. b4 Be7 17. c4 Ndf8 18. f3 Bd7 19. Rfb1 Qe8 20. Nac3 Nf4 21. b5 N8g6 22. Bf1 Bd8 23. bxa6 bxa6 24. c5 Ne7 25. c6 Bc8 26. Rb2 f5 27. exf5 Nxf5 28. gxf5 Bxf5 29. Kh2 Nh5 30. Ne4 g4 31. hxg4 Bxe4 32. fxe4 Nf6 33. Bh3 Rg7 34. Nc3 Qg6 35. Qg2 Nh7 36. Rf1 Bg5 37. Bxg5 Nxg5 38. Rf5 Kh7 39. Qf1 Rag8 40. Rg2 Rb8 41. Rf6 Qe8 42. Qf5+ Kg8 43. Rf2 Nh7 44. Re6 Qf8 45. Rg6 Qxf5 46. gxf5 Rxg6 47. fxg6 Ng5 48. Rf5 Nxh3 49. Kxh3 Kg7 50. Rf7+ Kxg6 51. Rxc7 Rb3 52. Kxh4 Rxc3 53. Rd7 Rc4 54. Rxd6+ Kf7 55. Kg5 1-0

[Event "New Delhi Parsvnath op 10th"]
[Site "New Delhi"]
[Date "2012.01.23"]
[Round "11"]
[White "Vinoth Kumar, Madavan"]
[Black "Murali Krishnan, BT."]
[Result "0-1"]
[WhiteElo "2150"]
[BlackElo "2366"]
[PlyCount "45"]
[EventDate "2012.01.15"]
[EventType "swiss"]
[EventRounds "11"]
[EventCountry "IND"]
[SourceTitle "CBM 146 Extra"]
[Source "ChessBase"]
[SourceDate "2012.02.29"]
[SourceVersion "1"]
[SourceVersionDate "2012.02.29"]
[SourceQuality "1"]

1. d4 d5 2. e3 Nf6 3. c4 dxc4 4. Bxc4 e6 5. Nf3 c5 6. 0-0 a6 7. Qe2 b5 8. Bd3 Bb7 9. dxc5 Nc6 10. Rd1 Qb8 11. a3 Bxc5 12. b4 Bd6 13. Bb2 Ng4 14. Nbd2 Bxh2+ 15. Kh1 Be5 16. Ne4 Bxb2 17. Qxb2 0-0 18. Nc5 Nxb4 19. Bxh7+ Kxh7 20. Nd7 Qc7 21. Re1 Nd3 22. Nxf8+ Rxf8 23. Ng5+ 0-1

[Event "New Delhi Parsvnath op 10th"]
[Site "New Delhi"]
[Date "2012.01.21"]
[Round "9"]
[White "Vinoth Kumar, Madavan"]
[Black "Singh, S Vikramjit"]
[Result "1/2-1/2"]
[WhiteElo "2150"]
[BlackElo "2274"]
[PlyCount "100"]
[EventDate "2012.01.15"]
[EventType "swiss"]
[EventRounds "11"]
[EventCountry "IND"]
[SourceTitle "CBM 146 Extra"]
[Source "ChessBase"]
[SourceDate "2012.02.29"]
[SourceVersion "1"]
[SourceVersionDate "2012.02.29"]
[SourceQuality "1"]

1. g3 Nf6 2. Bg2 g6 3. d3 Bg7 4. e4 d6 5. Nh3 0-0 6. 0-0 c5 7. f3 Nc6 8. Nf2 e5 9. f4 Ne8 10. c3 Nc7 11. Nd2 exf4 12. gxf4 f5 13. Nf3 d5 14. e5 d4 15. c4 Ne6 16. h4 h5 17. Nh3 Bh6 18. Kh2 Bd7 19. Rg1 Ne7 20. Ne1 Rb8 21. Bd5 Kh7 22. Bxe6 Bxe6 23. Nf3 Bg8 24. a4 b6 25. b3 a5 26. Ra2 Rc8 27. Rag2 Rc6 28. Qe2 Kh8 29. Nfg5 Be6 30. Rg3 Qe8 31. Qg2 Rg8 32. Nf3 Rc8 33. Nf2 Qd7 34. Nh1 Bf7 35. Qh3 Nc6 36. Nf2 Nd8 37. Ne4 Ne6 38. Nf6 Qc6 39. Nd5 Qb7 40. Qf1 Rg7 41. Ne1 Rd8 42. Nf6 Nf8 43. Qe2 Ne6 44. Rf1 Qc6 45. Nc2 Rgg8 46. Na3 Rg7 47. Nb5 Nf8 48. Rfg1 Ne6 49. Rf3 Nf8 50. Qg2 Ne6 1/2-1/2

[Event "IND-chT 31st"]
[Site "Cochin"]
[Date "2011.02.25"]
[Round "6"]
[White "Santhosh, David"]
[Black "Vinoth Kumar, Madavan"]
[Result "0-1"]
[WhiteElo "1967"]
[BlackElo "2231"]
[PlyCount "102"]
[EventDate "2011.02.22"]
[EventType "team-swiss"]
[EventRounds "9"]
[EventCountry "IND"]
[SourceTitle "CBM 141 Extra"]
[Source "ChessBase"]
[SourceDate "2011.05.03"]
[SourceVersion "1"]
[SourceVersionDate "2011.05.03"]
[SourceQuality "1"]
[WhiteTeam "Calicut Chess"]
[BlackTeam "TN State"]
[WhiteTeamCountry "IND"]
[BlackTeamCountry "IND"]

1. d4 d6 2. c4 Nd7 3. Nc3 e5 4. d5 g6 5. e4 Bg7 6. Be2 Nh6 7. h4 a6 8. Be3 f5 9. Bg5 Nf6 10. f3 Nf7 11. exf5 gxf5 12. Nh3 h6 13. Bd2 Nh5 14. Nf2 Bf6 15. c5 dxc5 16. f4 Ng3 17. Rh3 Nxe2 18. Qxe2 e4 19. 0-0-0 h5 20. Be3 b6 21. Rg3 Bb7 22. Nfxe4 fxe4 23. Nxe4 Bxh4 24. Bxc5 Kd7 25. Rg7 bxc5 26. Nxc5+ Kc8 27. Qe6+ Kb8 28. Nd7+ Kc8 29. Ne5+ Kb8 30. Nxf7 Qf6 31. Qxf6 Bxf6 32. Rg6 Bxb2+ 33. Kxb2 Re8 34. Ne5 Ka7 35. Rg7 Rac8 36. Rd2 Red8 37. f5 Bxd5 38. f6 Rd6 39. f7 Rf8 40. Ng6 Rxf7 41. Rxf7 Bxf7 42. Rxd6 cxd6 43. Ne7 Kb6 44. a3 Kc5 45. Kc3 Bd5 46. g3 Be4 47. Ng8 d5 48. Nf6 Bf3 49. Nd7+ Kd6 50. Nb8 Be2 51. Kd4 a5 0-1

[Event "New Delhi Parsvnath op 9th"]
[Site "New Delhi"]
[Date "2011.01.10"]
[Round "4"]
[White "Vinoth Kumar, Madavan"]
[Black "Karthikeyan, Murali"]
[Result "1-0"]
[WhiteElo "2231"]
[BlackElo "2096"]
[PlyCount "105"]
[EventDate "2011.01.08"]
[EventType "swiss"]
[EventRounds "11"]
[EventCountry "IND"]
[SourceTitle "CBM 140 Extra"]
[Source "ChessBase"]
[SourceDate "2011.03.01"]
[SourceVersion "1"]
[SourceVersionDate "2011.03.01"]
[SourceQuality "1"]

1. d4 Nf6 2. Nc3 d5 3. Bg5 Nbd7 4. f3 e6 5. e4 dxe4 6. fxe4 Be7 7. Nh3 0-0 8. Bf4 c5 9. e5 Nd5 10. Nxd5 exd5 11. Bd3 cxd4 12. Qh5 g6 13. Qf3 Nc5 14. 0-0 Nxd3 15. cxd3 Bxh3 16. gxh3 Bg5 17. h4 Bxf4 18. Qxf4 h5 19. Rf2 Qe7 20. Qxd4 Rae8 21. Re1 Qe6 22. Rg2 Qb6 23. Qxb6 axb6 24. d4 Rc8 25. Kf2 Ra8 26. a3 Ra4 27. Ke3 Rc8 28. Rf1 Kg7 29. Rf6 Rc6 30. Rgf2 Rxf6 31. Rxf6 Rc4 32. Rxb6 Rc2 33. Rxb7 Rxh2 34. e6 Rxh4 35. Rxf7+ Kg8 36. Rf4 Rh1 37. Kd2 Rh2+ 38. Ke3 Rxb2 39. e7 Rb3+ 40. Kf2 Rb8 41. a4 Kg7 42. Rf8 Rxf8+ 43. exf8Q+ Kxf8 44. a5 Ke7 45. a6 Ke6 46. a7 Kf5 47. a8Q Ke4 48. Qe8+ Kxd4 49. Qxg6 Kc3 50. Qxh5 d4 51. Qd1 Kc4 52. Ke2 Kc3 53. Qd3+ 1-0

[Event "Kuala Lumpur op 3rd"]
[Site "Kuala Lumpur"]
[Date "2010.04.11"]
[Round "7"]
[White "Chan, Nicholas"]
[Black "Vinoth Kumar, Madavan"]
[Result "0-1"]
[WhiteElo "2398"]
[BlackElo "2242"]
[PlyCount "62"]
[EventDate "2010.04.07"]
[EventType "swiss"]
[EventRounds "9"]
[EventCountry "MAS"]
[SourceTitle "CBM 135 Extra"]
[Source "ChessBase"]
[SourceDate "2010.05.04"]
[SourceVersion "1"]
[SourceVersionDate "2010.05.04"]
[SourceQuality "1"]

1. e4 c5 2. d3 Nc6 3. g3 g6 4. Bg2 Bg7 5. Nh3 e6 6. f4 Nge7 7. Nf2 d6 8. 0-0 0-0 9. c3 Rb8 10. h4 f5 11. h5 Qe8 12. Bf3 e5 13. Kg2 Be6 14. Rh1 d5 15. hxg6 hxg6 16. Nh3 dxe4 17. dxe4 Rd8 18. Qg1 fxe4 19. Bxe4 Bxh3+ 20. Rxh3 exf4 21. Qxc5 fxg3 22. Qc4+ Qf7 23. Na3 Nd5 24. Bg5 Ne5 25. Qf1 Qe6 26. Qb5 Nf4+ 27. Bxf4 Rxf4 28. Rxg3 Rxe4 29. Qxb7 Nf7 30. Rf1 Re2+ 31. Kg1 Re1 0-1

[Event "New Delhi Parsvnath op 8th"]
[Site "New Delhi"]
[Date "2010.01.17"]
[Round "6"]
[White "Thipsay, Praveen Mahadeo"]
[Black "Vinoth Kumar, Madavan"]
[Result "1-0"]
[WhiteElo "2469"]
[BlackElo "2245"]
[PlyCount "65"]
[EventDate "2010.01.14"]
[EventType "swiss"]
[EventRounds "11"]
[EventCountry "IND"]
[SourceTitle "CBM 134 Extra"]
[Source "ChessBase"]
[SourceDate "2010.03.03"]
[SourceVersion "1"]
[SourceVersionDate "2010.03.03"]
[SourceQuality "1"]

1. d4 d5 2. c4 e6 3. Nc3 Nf6 4. Bg5 Nbd7 5. e3 Be7 6. cxd5 exd5 7. Bd3 h6 8. Bh4 0-0 9. Nge2 Re8 10. 0-0 Nf8 11. Qc2 c6 12. Rae1 Ne6 13. Kh1 Ng4 14. Bg3 Bh4 15. h3 Bxg3 16. Nxg3 Nf6 17. Nf5 Ng5 18. f3 Nh5 19. Qf2 Bxf5 20. Bxf5 Qd6 21. Ne2 g6 22. Bb1 Re7 23. h4 Ne6 24. g4 Nhg7 25. f4 Ne8 26. f5 Nf8 27. fxg6 Nxg6 28. Ng3 Nxh4 29. Qh2 Ng6 30. Qxh6 Qxg3 31. Bxg6 Nf6 32. Bf5 Rae8 33. Re2 1-0

[Event "United Insurance 11th"]
[Site "Dhaka"]
[Date "2009.08.28"]
[Round "9"]
[White "Islam, Khandaker Aminul"]
[Black "Vinoth Kumar, Madavan"]
[Result "1/2-1/2"]
[WhiteElo "2316"]
[BlackElo "2208"]
[PlyCount "98"]
[EventDate "2009.08.21"]
[EventType "swiss"]
[EventRounds "10"]
[EventCountry "BAN"]
[SourceTitle "CBM 131 Extra"]
[Source "ChessBase"]
[SourceDate "2009.09.03"]
[SourceVersion "2"]
[SourceVersionDate "2009.09.16"]
[SourceQuality "1"]

1. d4 d6 2. Nf3 g6 3. Bg5 Bg7 4. c3 Nd7 5. e4 f6 6. Qb3 Nh6 7. Be3 e5 8. dxe5 dxe5 9. Na3 a6 10. h4 Qe7 11. h5 g5 12. Nh2 Nf8 13. Nc2 Ne6 14. Qb4 Qf7 15. 0-0-0 Bf8 16. Qa4+ c6 17. Bb6 Be7 18. Bc4 Qf8 19. Qa5 Nf7 20. Ne3 Nd6 21. Rxd6 Bxd6 22. Rd1 Be7 23. Nf5 h6 24. Ng4 Rh7 25. Nge3 Qh8 26. Nxe7 Rxe7 27. Nf5 Qh7 28. Nxe7 Qxe7 29. g4 Bd7 30. f3 Rc8 31. b3 Ra8 32. Kb2 Rc8 33. a3 Ra8 34. b4 Rc8 35. Rd2 Ra8 36. Qa4 c5 37. Qb3 cxb4 38. axb4 a5 39. bxa5 Rc8 40. Rxd7 Kxd7 41. Bb5+ Rc6 42. Qd5+ Qd6 43. a6 Nc7 44. Bxc7 Kxc7 45. a7 Qf8 46. Bxc6 bxc6 47. a8Q Qxa8 48. Qf7+ Kb6 49. Qb3+ Kc7 1/2-1/2

[Event "United Insurance 11th"]
[Site "Dhaka"]
[Date "2009.08.27"]
[Round "8"]
[White "Vinoth Kumar, Madavan"]
[Black "Mohammad, Javed"]
[Result "1-0"]
[WhiteElo "2208"]
[BlackElo "2204"]
[PlyCount "95"]
[EventDate "2009.08.21"]
[EventType "swiss"]
[EventRounds "10"]
[EventCountry "BAN"]
[SourceTitle "CBM 131 Extra"]
[Source "ChessBase"]
[SourceDate "2009.09.03"]
[SourceVersion "2"]
[SourceVersionDate "2009.09.16"]
[SourceQuality "1"]

1. g3 d5 2. Bg2 c6 3. d3 Nf6 4. Nd2 e5 5. e4 dxe4 6. dxe4 Bg4 7. f3 Be6 8. Nh3 Bc5 9. Qe2 Na6 10. a3 Nc7 11. Nf2 Nb5 12. c3 Bxf2+ 13. Qxf2 0-0 14. 0-0 Qe7 15. a4 Nd6 16. b3 Rfd8 17. c4 Nde8 18. Bb2 Qb4 19. Rfd1 Rd7 20. Rac1 Rad8 21. Bc3 Qa3 22. Ra1 Qe7 23. Rdc1 Nh5 24. Nf1 Rd3 25. Qxa7 c5 26. a5 R3d7 27. Qb6 Ra8 28. b4 Rc7 29. a6 bxa6 30. Bxe5 Rcc8 31. Rxa6 Rxa6 32. Qxa6 cxb4 33. Bd4 b3 34. Ne3 Qb4 35. Nd5 Qf8 36. Qb5 Nc7 37. Nxc7 Rxc7 38. Qxb3 Nf6 39. Qb5 Rd7 40. Bf2 Qd8 41. Bf1 Rd2 42. Qb6 Qa8 43. Qa7 Qd8 44. Qb6 Qa8 45. c5 Nd7 46. Qa6 Qe8 47. Qa5 Ne5 48. Qc3 1-0

[Event "United Insurance 11th"]
[Site "Dhaka"]
[Date "2009.08.23"]
[Round "3"]
[White "Abu Sufian, Sakil"]
[Black "Vinoth Kumar, Madavan"]
[Result "1-0"]
[WhiteElo "2372"]
[BlackElo "2208"]
[PlyCount "55"]
[EventDate "2009.08.21"]
[EventType "swiss"]
[EventRounds "10"]
[EventCountry "BAN"]
[SourceTitle "CBM 131 Extra"]
[Source "ChessBase"]
[SourceDate "2009.09.03"]
[SourceVersion "2"]
[SourceVersionDate "2009.09.16"]
[SourceQuality "1"]

1. e4 e6 2. d4 d5 3. Nc3 Bb4 4. e5 b6 5. a3 Bf8 6. f4 Ne7 7. Be3 Nf5 8. Bf2 h5 9. Nf3 g6 10. Bd3 Ba6 11. Bxa6 Nxa6 12. Qd3 Nb8 13. Ne2 Nd7 14. c4 c6 15. cxd5 cxd5 16. 0-0 Bh6 17. Rac1 0-0 18. h3 Bg7 19. g4 hxg4 20. hxg4 Nh6 21. Bh4 Qe8 22. Nh2 a6 23. Qh3 f5 24. exf6 Bh8 25. Nf3 Ra7 26. Ne5 Nb8 27. Bg5 Nf7 28. Nxg6 1-0

[Event "United Insurance 11th"]
[Site "Dhaka"]
[Date "2009.08.22"]
[Round "2"]
[White "Vinoth Kumar, Madavan"]
[Black "Shamima, Akter Liza"]
[Result "1-0"]
[WhiteElo "2208"]
[BlackElo "2100"]
[PlyCount "78"]
[EventDate "2009.08.21"]
[EventType "swiss"]
[EventRounds "10"]
[EventCountry "BAN"]
[SourceTitle "CBM 131 Extra"]
[Source "ChessBase"]
[SourceDate "2009.09.03"]
[SourceVersion "2"]
[SourceVersionDate "2009.09.16"]
[SourceQuality "1"]

1. e4 c5 2. d3 Nc6 3. g3 g6 4. Bg2 Bg7 5. Nh3 e5 6. 0-0 Nge7 7. f4 d6 8. c3 h6 9. f5 gxf5 10. Qh5 Ng8 11. exf5 Nf6 12. Qe2 Qe7 13. a3 Bd7 14. b4 d5 15. Nd2 Rd8 16. Nb3 b6 17. b5 Nb8 18. c4 Kf8 19. Bb2 d4 20. Nd2 Bc8 21. Rae1 Re8 22. Qf3 Qc7 23. Bc1 Re7 24. Nf2 h5 25. Nde4 Bb7 26. Bg5 Nbd7 27. Qd1 Re8 28. Qd2 Nxe4 29. Nxe4 f6 30. Bh4 Bh6 31. Qd1 Be3+ 32. Kh1 Ke7 33. Bf3 Rh7 34. Bxh5 Bxe4+ 35. dxe4 Reh8 36. g4 Qd8 37. Bg3 Qg8 38. Qd3 Rh6 39. a4 Kd6 1-0

[Event "Gurgon op 1st"]
[Site "Gurgon"]
[Date "2009.01.22"]
[Round "2"]
[White "Konguvel, Ponnuswamy"]
[Black "Vinoth Kumar, Madavan"]
[Result "1-0"]
[WhiteElo "2462"]
[BlackElo "2204"]
[PlyCount "59"]
[EventDate "2009.01.21"]
[EventType "swiss"]
[EventRounds "10"]
[EventCountry "IND"]
[SourceTitle "CBM 128 Extra"]
[Source "ChessBase"]
[SourceDate "2009.03.05"]
[SourceVersion "2"]
[SourceVersionDate "2009.03.25"]
[SourceQuality "1"]

1. e4 e6 2. d4 d5 3. Nc3 Bb4 4. e5 b6 5. a3 Bf8 6. Nf3 Ne7 7. Bb5+ c6 8. Ba4 Ba6 9. Ne2 Nf5 10. 0-0 Be7 11. c3 g5 12. g4 Ng7 13. Re1 h5 14. h3 hxg4 15. hxg4 Kd7 16. Ng3 Kc7 17. Be3 Nd7 18. Qd2 Qg8 19. Bc2 Rf8 20. Kg2 f5 21. exf6 Nxf6 22. Bxg5 Bd6 23. Bxf6 Rxf6 24. Ne5 Nf5 25. gxf5 Rh4 26. Rh1 Re4 27. Bxe4 dxe4 28. Rh5 exf5 29. Qg5 Qf8 30. Rh7+ 1-0

[Event "New Delhi Parsvnath op 7th"]
[Site "New Delhi"]
[Date "2009.01.17"]
[Round "8"]
[White "Praveen Kumar, Chandrasekar"]
[Black "Vinoth Kumar, Madavan"]
[Result "1/2-1/2"]
[WhiteElo "2360"]
[BlackElo "2204"]
[PlyCount "96"]
[EventDate "2009.01.11"]
[EventType "swiss"]
[EventRounds "10"]
[EventCountry "IND"]
[SourceTitle "CBM 128 Extra"]
[Source "ChessBase"]
[SourceDate "2009.03.05"]
[SourceVersion "2"]
[SourceVersionDate "2009.03.25"]
[SourceQuality "1"]

1. d4 c5 2. d5 e5 3. c4 d6 4. e4 g6 5. Nc3 a6 6. Be3 Nh6 7. f3 f5 8. Qd2 f4 9. Bf2 Be7 10. Bd3 0-0 11. 0-0-0 Bd7 12. h4 b5 13. Nh3 bxc4 14. Bxc4 Bb5 15. Bb3 c4 16. Bc2 Nf7 17. g3 Bd7 18. Rdg1 Bxh3 19. Rxh3 Qc8 20. Rh2 Nd7 21. Rhg2 Bf6 22. Na4 Rb8 23. Qc3 Kh8 24. Kb1 fxg3 25. Bxg3 Nc5 26. Bf2 Nxa4 27. Bxa4 Qh3 28. Rg3 Qxh4 29. Qe1 Qh6 30. Rxg6 hxg6 31. Rh1 Qxh1 32. Qxh1+ Kg7 33. Be3 Rb4 34. b3 cxb3 35. axb3 Bg5 36. Bxg5 Nxg5 37. Qc1 Nxf3 38. Qc7+ Rf7 39. Qxd6 Rxe4 40. Be8 Re1+ 41. Ka2 Re2+ 42. Ka3 Nd4 43. Qxa6 Rf3 44. Qxg6+ Kf8 45. Ba4 Nc2+ 46. Kb2 Nb4+ 47. Ka3 Nc2+ 48. Kb2 Nb4+ 1/2-1/2

[Event "New Delhi Parsvnath op 7th"]
[Site "New Delhi"]
[Date "2009.01.14"]
[Round "5"]
[White "Vinoth Kumar, Madavan"]
[Black "Girinath, PDS"]
[Result "1-0"]
[WhiteElo "2204"]
[BlackElo "2404"]
[PlyCount "71"]
[EventDate "2009.01.11"]
[EventType "swiss"]
[EventRounds "10"]
[EventCountry "IND"]
[SourceTitle "CBM 128 Extra"]
[Source "ChessBase"]
[SourceDate "2009.03.05"]
[SourceVersion "2"]
[SourceVersionDate "2009.03.25"]
[SourceQuality "1"]

1. e4 Nc6 2. Nf3 d6 3. Bc4 Nf6 4. d3 Na5 5. Bd5 c6 6. Bxf7+ Kxf7 7. b4 e5 8. bxa5 Qxa5+ 9. Bd2 Qc7 10. Ng5+ Kg8 11. f4 Bg4 12. Nf3 d5 13. fxe5 dxe4 14. dxe4 Nd7 15. Bc3 Bc5 16. Qd3 Re8 17. Nbd2 b5 18. Bb2 h6 19. h3 Be6 20. Nb3 Kh7 21. 0-0-0 Be7 22. Qc3 Nb6 23. Nbd4 Bc4 24. Qa5 Qb7 25. Nf5 Be2 26. e6 Rd8 27. Rxd8 Rxd8 28. Qc3 Bf6 29. e5 Be7 30. Qe3 Bc4 31. Nd6 Qc7 32. Qe4+ g6 33. h4 Bxe6 34. Ng5+ hxg5 35. hxg5+ Kg7 36. Qh4 1-0

[Event "New Delhi Parsvnath op 7th"]
[Site "New Delhi"]
[Date "2009.01.11"]
[Round "2"]
[White "Ganguly, Surya Shekhar"]
[Black "Vinoth Kumar, Madavan"]
[Result "1-0"]
[WhiteElo "2614"]
[BlackElo "2204"]
[PlyCount "69"]
[EventDate "2009.01.11"]
[EventType "swiss"]
[EventRounds "10"]
[EventCountry "IND"]
[SourceTitle "CBM 128 Extra"]
[Source "ChessBase"]
[SourceDate "2009.03.05"]
[SourceVersion "2"]
[SourceVersionDate "2009.03.25"]
[SourceQuality "1"]

1. e4 e6 2. d4 d5 3. Nc3 Bb4 4. e5 b6 5. a3 Bf8 6. Bb5+ c6 7. Ba4 f5 8. Nf3 Be7 9. h4 Nh6 10. Bxh6 gxh6 11. Qd2 Bf8 12. Ne2 b5 13. Bb3 Qe7 14. Nf4 Qf7 15. a4 b4 16. c4 bxc3 17. bxc3 Be7 18. c4 Na6 19. 0-0 0-0 20. Rfc1 Kh8 21. a5 Rg8 22. Ba4 Bb4 23. Qe2 Nb8 24. cxd5 cxd5 25. Qb5 Qe7 26. Rab1 Ba3 27. Rc3 Na6 28. Rxc8 Raxc8 29. Qxa6 Bc1 30. Rb7 Rc7 31. Rxc7 Qxc7 32. Nxe6 Qc3 33. Nc5 Bf4 34. Qf6+ Rg7 35. Bb5 1-0

[Event "New Delhi Parsvnath op 6th"]
[Site "New Delhi"]
[Date "2008.01.19"]
[Round "9"]
[White "Zakurdjaeva, Irina"]
[Black "Vinoth Kumar, Madavan"]
[Result "0-1"]
[WhiteElo "2332"]
[BlackElo "2166"]
[PlyCount "72"]
[EventDate "2008.01.13"]
[EventType "swiss"]
[EventRounds "10"]
[EventCountry "IND"]
[SourceTitle "CBM 122 Extra"]
[Source "ChessBase"]
[SourceDate "2008.03.04"]
[SourceVersion "1"]
[SourceVersionDate "2008.03.04"]
[SourceQuality "1"]

1. e4 e6 2. d4 d5 3. e5 c5 4. dxc5 Nd7 5. Nf3 Bxc5 6. Bd3 Ne7 7. 0-0 Ng6 8. Qe2 a6 9. Be3 Qc7 10. Bxc5 Nxc5 11. Nbd2 f6 12. Bxg6+ hxg6 13. c4 f5 14. Rac1 Qe7 15. Qe3 Ne4 16. cxd5 exd5 17. Qb6 0-0 18. Qxg6 a5 19. Qb6 Ra6 20. Qd4 Be6 21. Rc2 g5 22. Rfc1 Qg7 23. Rc7 Qh6 24. Nxe4 fxe4 25. Nd2 Qh5 26. Nf1 a4 27. Rxb7 a3 28. b4 Qe2 29. Rcc7 Bf7 30. e6 Rxe6 31. Qxd5 e3 32. Qxg5+ Rg6 33. Qxe3 Qxa2 34. Ra7 Qd5 35. g3 a2 36. Rd7 Qxd7 0-1

[Event "New Delhi Parsvnath op 6th"]
[Site "New Delhi"]
[Date "2008.01.18"]
[Round "8"]
[White "Vinoth Kumar, Madavan"]
[Black "Ram, S Krishnan"]
[Result "1-0"]
[WhiteElo "2166"]
[BlackElo "2343"]
[PlyCount "111"]
[EventDate "2008.01.13"]
[EventType "swiss"]
[EventRounds "10"]
[EventCountry "IND"]
[SourceTitle "CBM 122 Extra"]
[Source "ChessBase"]
[SourceDate "2008.03.04"]
[SourceVersion "1"]
[SourceVersionDate "2008.03.04"]
[SourceQuality "1"]

1. d4 d5 2. e3 Nf6 3. f4 Bf5 4. Bd3 e6 5. Nd2 c5 6. Nf1 Nc6 7. c3 c4 8. Be2 Ne4 9. Bf3 b5 10. Ne2 Nf6 11. Nfg3 Bd3 12. Bd2 Ne4 13. Bxe4 dxe4 14. Nc1 f5 15. Nxd3 cxd3 16. Qb3 Qd7 17. Nh5 Na5 18. Qd1 Nc4 19. b3 Nb6 20. g4 Rc8 21. Kf2 Nd5 22. gxf5 exf5 23. Qc1 g6 24. Ng3 Nxc3 25. Bxc3 b4 26. Bd2 Rxc1 27. Rhxc1 Bd6 28. Rc4 0-0 29. Rac1 a5 30. Kg2 a4 31. Nf1 axb3 32. axb3 Ra8 33. Be1 Ra2+ 34. Kh1 g5 35. Bd2 Qf7 36. Rc6 Qd5 37. Rc8+ Kf7 38. Rh8 Ra8 39. Rxh7+ Kg6 40. Rd7 Qe6 41. Rb7 gxf4 42. Rb6 Rb8 43. Ra6 Rc8 44. Rxc8 Qxc8 45. Rxd6+ Kf7 46. Rd5 Qe6 47. Re5 Qxb3 48. Rxf5+ Kg6 49. Rxf4 Qb1 50. d5 b3 51. d6 Qa1 52. d7 Qa8 53. Bc3 Qd5 54. Rg4+ Kf5 55. Rg1 b2 56. Nd2 1-0

[Event "New Delhi Parsvnath op 6th"]
[Site "New Delhi"]
[Date "2008.01.16"]
[Round "6"]
[White "Vinoth Kumar, Madavan"]
[Black "Thejkumar, MS."]
[Result "0-1"]
[WhiteElo "2166"]
[BlackElo "2382"]
[PlyCount "67"]
[EventDate "2008.01.13"]
[EventType "swiss"]
[EventRounds "10"]
[EventCountry "IND"]
[SourceTitle "CBM 122 Extra"]
[Source "ChessBase"]
[SourceDate "2008.03.04"]
[SourceVersion "1"]
[SourceVersionDate "2008.03.04"]
[SourceQuality "1"]

1. e4 d5 2. Nc3 dxe4 3. Nxe4 Nf6 4. Ng3 h5 5. Bc4 h4 6. N3e2 h3 7. Nxh3 Bxh3 8. gxh3 Qd6 9. d3 Nc6 10. Bf4 Ne5 11. Ng3 e6 12. Kf1 Rh4 13. Bg5 Rxh3 14. Kg2 Rh8 15. Bb5+ c6 16. Bc4 0-0-0 17. Bb3 c5 18. Qe2 Qc6+ 19. f3 Ng6 20. Qd2 Bd6 21. Qa5 Bf4 22. Ba4 Qd5 23. Bxf6 gxf6 24. Ne4 Nh4+ 25. Kf1 Bd6 26. Qxa7 Nxf3 27. Nxd6+ Qxd6 28. Kf2 Nd4 29. Ke1 Rdg8 30. Kd1 Rxh2 31. Rxh2 Qxh2 32. Bd7+ Kxd7 33. Qxb7+ Kd6 34. Qf3 0-1

[Event "Champions Challenge 226th"]
[Site "Playchess.com INT"]
[Date "2007.11.24"]
[Round "2.2"]
[White "Vinoth Kumar, Madavan"]
[Black "Mutschnik, Illya"]
[Result "0-1"]
[WhiteElo "2142"]
[BlackElo "2449"]
[PlyCount "46"]
[EventDate "2007.11.24"]
[EventType "k.o. (blitz)"]
[EventRounds "4"]
[EventCountry "GER"]
[SourceTitle "EXT 2010"]
[Source "ChessBase"]
[SourceDate "2010.11.25"]
[SourceVersion "1"]
[SourceVersionDate "2010.11.25"]
[SourceQuality "1"]

1. d4 Nf6 2. c4 g6 3. Nc3 Bg7 4. e4 0-0 5. f3 d6 6. Be3 Nc6 7. Nge2 a6 8. Qd2 Rb8 9. h4 b5 10. Nd5 bxc4 11. Nec3 e5 12. Nxf6+ Bxf6 13. d5 Nd4 14. Bxc4 a5 15. h5 g5 16. h6 Kh8 17. 0-0-0 Rb4 18. Bd3 Bd7 19. Kb1 Rg8 20. Ka1 a4 21. Rb1 Qa8 22. Rh5 Nb3+ 23. axb3 axb3+ 0-1